Países más cercanos a México - Statistics

General Stats
  • This quiz has been taken 39 times
  • The average score is 10 of 15
Answer Stats
Millas Kilómetros Paìs % Correct
310 500 El Salvador
82%
0 0 Guatemala
82%
497 800 Nicaragua
76%
808 1300 Panamá
76%
0 0 Belice
74%
130 210 Cuba
74%
163 263 Honduras
71%
932 1500 Colombia
68%
684 1100 Costa Rica
68%
560 900 Bahamas
65%
994 1600 Haití
59%
435 700 Jamaica
59%
1118 1800 República Dominicana
53%
1305 2100 Venezuela
53%
0 0 Untied States
0%
No matching quizzes found
Score Distribution
Percent of People with Each Score
Percentile by Number Answered
Your Score History
You have not taken this quiz